000 00334nam a22001217a 4500
008 230626b xxu||||| |||| 00| 0 eng d
020 _a0435844024
082 _a337.16
_bHAZ 1975
245 _aEconomic Integration:The East African Experience
260 _aLondon
_bHeinemann Educational Books
_c1975
300 _a180p
942 _2ddc
_cBK
999 _c2781
_d2781